Countries That Beat Texas - Statistics

General Stats
  • This quiz has been taken 119 times
  • The average score is 13 of 15
Answer Stats
Rank Category Answer % Correct
14 Most Spanish Speakers Mexico | Columbia | Argentina | Spain | Venezuela | Peru | Chile | Ecuador | Guatemala | Cuba | Dominican Republic | Bolivia | Honduras
100%
15 Northernmost Non-Landlocked Country Outside of Europe Canada | Russia | China | Japan | Georgia | North Korea | Turkey | Iran | South Korea | Tunisia | Iraq | Syria | Pakistan | Algeria
99%
11 Shortest Name Chad | Cuba | Fiji | Iran | Iraq | Laos | Mali | Oman | Peru | Togo
99%
12 Most Oil Production Russia | Saudi Arabia | Canada | Iraq | China | Iran | United Arab Emirates | Brazil | Kuwait | Norway | Kazakhstan
98%
8 Most Populous City in the Americas Mexico | Brazil | Argentina | Peru | Colombia | Chile | Canada
97%
13 Most Nuclear Power Generated China | France | Russia | South Korea | Canada | Ukraine | Germany | Japan | Spain | Sweden | Belgium | United Kingdom
94%
10 Westernmost Point on Land Fiji | Russia | New Zealand | Tonga | Kiribati | Samoa | Canada | Mexico | Chile
94%
7 Highest HDI (Outside of Europe) Australia | Singapore | New Zealand | Canada | Israel | Japan
93%
4 Most People Speaking English as a First Language United Kingdom | Nigeria | Canada
93%
9 Largest Ethnically Vietnamese Population (Excluding Vietnam) Cambodia | Japan | France | Australia | Thailand | Canada | Taiwan | South Korea
91%
5 Highest # of Cows Brazil | China | Argentina | Australia
85%
16 First World Country* With the Highest Fertility Rate Kazakhstan | Israel | Oman | Panama | Saudi Arabia | Argentina | Kuwait | Georgia | Turkey | Malaysia | Uruguay | Bahrain | France | Qatar | Brunei
80%
3 Containing the Letter "X" Luxembourg | Mexico
78%
6 Most Populous First World Country* to Never Have Hosted the Olympics Turkey | Argentina | Poland | Saudi Arabia | Malaysia
70%
2 Capital Furthest Away From Another National Capital (Excluding Islands or Australia) Brazil
56%
No matching quizzes found
Score Distribution
Percent of People with Each Score
Percentile by Number Answered
Your Score History
You have not taken this quiz